000 007160000a22001810004500
090 _aAR
_b04007
245 1 0 _aBiogeographical and ecological factors affecting the altitudinal variation of mountainous communities of coprophagous beetles (Coleoptera: Scarabaeoidea)
_sa comparative study
500 _a<Charlas sobre biodiversidad del Dr. Halffter>
650 1 4 _aEntomología
_94483
650 1 4 _aBiogeografía
_992747
650 1 4 _aDistribución altitudinal
_94375
650 1 4 _aEcología de montañas
_997846
041 0 _aInglés
700 1 _aHalffter, Gonzalo
_910302
100 1 _aLobo, Jorge M.
_996058
942 _cARTICULO
773 1 _tAnnals of the Entomological Society of American.
_h1
_q116-125
_d2000
_g93
999 _c13040
_d13040